[Event "Idaho Closed"]
[Site "Twin Falls, ID"]
[Date "2009.02.14"]
[Round "1.3"]
[White "Weathers, Rickey D"]
[Black "Weyland, Phil"]
[Result "0-1"]
[WhiteElo "1389"]
[BlackElo "1864"]

1. d4 d5 2. e3 Nf6 3. Bd3 Bg4 4. f3 Bh5 5. b3 e6 6. Ne2 c5 7. O-O Nc6 8. c3
Bd6 9. Nd2 Qc7 10. f4 cxd4 11. cxd4 Nb4 12. Bb5+ Ke7 13. Nf3 Nc2 14. Rb1 Ng4
15. Qd3 Bg6 16. Qc3 Qxc3 17. Nxc3 Ncxe3 18. Bxe3 Nxe3 19. Ne5 Nxf1 20. Rxf1 a6
21. Nxg6+ hxg6 22. Bd3 Rac8 23. Nd1 Rc1 24. g3 Rhc8 25. Ne3 Rxf1+ 26. Kxf1
Rc1+ 27. Ke2 b5 28. Nc2 g5 29. fxg5 Rh1 30. g4 Rxh2+ 31. Kf3 Rd2 32. Ke3 Bf4+
33. Kxf4 Rxd3 34. Ke5 f6+ 35. gxf6+ gxf6+ 36. Kf4 Rd2 37. Ne3 Rxd4+ 38. Kf3
Rd3 39. Ke2 Rxe3+ 40. Kxe3 e5 {#R} 0-1

[Event "Idaho Closed"]
[Site "Twin Falls, ID"]
[Date "2009.02.14"]
[Round "1.4"]
[White "Buckendorf Jr., Glen"]
[Black "Dominick, Matthew Thomas"]
[Result "0-1"]
[WhiteElo "1800"]
[BlackElo "1274"]

1. e4 c6 2. d4 d5 3. e5 Bf5 4. Nc3 e6 5. Nf3 Nd7 6. Be3 Qb6 7. Na4 Qa5+ 8. c3
b5 9. Nc5 Nxc5 10. dxc5 b4 11. Qd4 Rb8 12. Be2 bxc3 13. bxc3 Rb2 14. Nd2 Rxa2
15. Rxa2 Qxa2 16. O-O Qa5 17. c4 Ne7 18. Ra1 Qc7 19. Ra4 h6 20. Qa1 Nc8 21.
cxd5 cxd5 22. Ba6 Bxc5 23. Bxc5 Qxc5 24. Bxc8 Qxc8 25. Rxa7 O-O 26. h3 Rd8 27.
Nf3 Be4 28. Nd4 Qc5 29. Kh2 Rb8 30. Ra5 Qc4 31. f3 Bg6 32. Ra4 Qc7 33. f4 Bb1
34. Qa3 Be4 35. Rb4 Rxb4 36. Qxb4 Qc1 37. Ne2 Qf1 {#R} 0-1

[Event "Idaho Closed"]
[Site "Twin Falls, ID"]
[Date "2009.02.15"]
[Round "3.1"]
[White "Weyland, Phil"]
[Black "Parsons, Larry R"]
[Result "1/2-1/2"]
[WhiteElo "1864"]
[BlackElo "2015"]

1. d4 g6 2. c4 Nf6 3. Nc3 Bg7 4. e4 O-O 5. f3 d6 6. Be3 e5 7. d5 Nh5 8. g4 Nf4
9. Qd2 f5 10. gxf5 gxf5 11. O-O-O fxe4 12. fxe4 Qh4 13. Nge2 Bg4 14. Rg1 Na6
15. Nxf4 exf4 16. Bd4 Rf7 17. Qg2 Bxd1 18. Bxg7 f3 19. Qh3 Qxh3 20. Bxh3 Rxg7
21. Rxg7+ Kxg7 22. Kxd1 Kf6 23. Kd2 Ke5 24. Ke3 Rf8 25. Nd1 Rf6 26. Nf2 Rg6
27. Ng4+ Rxg4 28. Bxg4 f2 29. Kxf2 Kxe4 30. Kg3 {#d} 1/2-1/2

[Event "Idaho Closed"]
[Site "Twin Falls, ID"]
[Date "2009.02.15"]
[Round "4.3"]
[White "Douglas, Kurt P"]
[Black "Weyland, Phil"]
[Result "1-0"]
[WhiteElo "1707"]
[BlackElo "1864"]

1. e4 e6 2. d4 d5 3. Nc3 Nf6 4. e5 Nfd7 5. f4 c5 6. Nf3 Nc6 7. Bb5 a6 8. Bxc6
bxc6 9. O-O a5 10. Kh1 Ba6 11. Re1 Nb6 12. Ne2 cxd4 13. Nexd4 c5 14. Nc6 Qc7
15. Nxa5 c4 16. Bd2 Na4 17. b4 c3 18. Be3 Bxb4 19. Nb3 Ba3 20. Nfd4 Bb2 21.
Rb1 g6 22. Qg4 Kd7 23. f5 gxf5 24. Nxf5 Bc4 25. Nd6 Bxb3 26. axb3 Kc6 27. bxa4
{#r} 1-0

[Event "Idaho Closed"]
[Site "Twin Falls, ID"]
[Date "2009.02.16"]
[Round "5.4"]
[White "Abderhalden, Katherine Louise"]
[Black "Weyland, Phil"]
[Result "1-0"]
[WhiteElo "1543"]
[BlackElo "1864"]

1. d4 d5 2. Bf4 e6 3. e3 c5 4. c4 cxd4 5. exd4 Nf6 6. Nc3 a6 7. Nf3 dxc4 8.
Bxc4 b5 9. Bb3 Bb7 10. O-O Bd6 11. Bg5 Qc7 12. d5 exd5 13. Re1+ Kf8 14. Nxd5
Nxd5 15. Bxd5 Bxd5 16. Qxd5 Qc6 17. Rac1 Qd7 18. Qxa8 h6 19. Be7+ {#r} 1-0

[Event "Idaho Closed"]
[Site "Twin Falls, ID"]
[Date "2009.02.16"]
[Round "6.2"]
[White "Parsons, Larry R"]
[Black "Abderhalden, Katherine Louise"]
[Result "1-0"]
[WhiteElo "2015"]
[BlackElo "1543"]

1. c4 Nf6 2. g3 e6 3. Nf3 d5 4. b3 Be7 5. Bg2 O-O 6. O-O c5 7. d4 Nc6 8. e3
cxd4 9. exd4 Re8 10. Bb2 dxc4 11. bxc4 Qb6 12. Qb3 Qc7 13. Nbd2 Bd7 14. Rac1
Rac8 15. Rfe1 Bb4 16. a3 Bxd2 17. Nxd2 Ne7 18. d5 Nf5 19. Bxf6 gxf6 20. Ne4
Qd8 21. Qxb7 Rc7 22. Nxf6+ Qxf6 23. Qxc7 Rd8 24. Qxa7 exd5 25. cxd5 Nd6 26.
Qa5 Nb5 27. Qb4 Ra8 28. Qe7 Qf5 29. Re5 Qxe5 30. Qxe5 Rxa3 31. Qg5+ Kf8 32.
Qd8+ Kg7 33. Qxd7 Nd4 34. Qg4+ {#r} 1-0

[Event "Idaho Closed"]
[Site "Twin Falls, ID"]
[Date "2009.02.16"]
[Round "6.6"]
[White "Weyland, Phil"]
[Black "Dominick, Matthew Thomas"]
[Result "1-0"]
[WhiteElo "1864"]
[BlackElo "1274"]

1. d4 Nf6 2. c4 e6 3. Nc3 Bb4 4. Bg5 d5 5. e3 c6 6. Qa4 Bxc3+ 7. bxc3 dxc4 8.
Qxc4 Nbd7 9. Bd3 Nb6 10. Qb3 Qd5 11. Nf3 Ne4 12. Bxe4 Qxe4 13. c4 O-O 14. O-O
f6 15. Bf4 c5 16. Bd6 Rd8 17. Bxc5 Nd7 18. Bd6 b6 19. Nd2 Qc6 20. Bg3 Bb7 21.
f3 Nf8 22. Rab1 Nd7 23. Rfc1 Ba6 24. d5 Qc8 25. Ne4 e5 26. Nd6 Nc5 27. Nxc8
Nxb3 28. axb3 Bxc8 29. e4 Bb7 30. b4 a6 31. Bf2 b5 32. c5 Bxd5 33. exd5 Rxd5
34. Rd1 Rxd1+ 35. Rxd1 Kf8 36. c6 Ke8 37. c7 a5 38. bxa5 b4 39. Bb6 Rc8 40.
Rd8+ Rxd8 41. cxd8=Q+ Kf7 42. Qd5+ Kg6 43. Bc5 b3 44. Qxb3 h5 45. Bf8 Kh6 46.
Qf7 Kg5 47. Bxg7 f5 48. Qf6+ Kf4 49. Bh6# 1-0

[Event "ICU MVCC Ch (Champ)"]
[Site "Twin Falls, ID"]
[Date "2009.03.07"]
[Round "1.3"]
[White "Buckendorf Jr., Glen"]
[Black "Pocol, Daniel"]
[Result "0-1"]
[WhiteElo "1800"]
[BlackElo "1625"]

1. e4 b6 2. Nf3 Bb7 3. Nc3 e6 4. d3 Nf6 5. e5 Nd5 6. Bd2 c5 7. Be2 Be7 8. O-O
d6 9. Re1 Nd7 10. exd6 Bxd6 11. Ne4 Bc7 12. Ng3 O-O 13. Bf1 Rc8 14. c4 N5f6
15. Bc3 Bb8 16. Ne5 Nxe5 17. Bxe5 Bxe5 18. Rxe5 Qd4 19. Re2 Rfd8 20. Rd2 Rd7
21. Rc1 Rcd8 22. Rc3 Be4 23. Nh5 Nxh5 24. Qxh5 Bg6 25. Qf3 e5 26. Qe3 Qxe3 27.
fxe3 e4 28. Kf2 Rd6 29. Kg3 exd3 30. Kf2 Be4 31. Ke1 h6 32. g3 g5 33. Ra3 a5
34. Rb3 g4 35. Rc3 Kg7 36. Ra3 Kg6 37. Rc3 Kg5 38. Ra3 h5 39. Rc3 h4 40. gxh4+
Kxh4 41. Ra3 g3 42. hxg3+ Kxg3 43. Rc3 f5 44. Ra3 Kf3 45. Bg2+ Kxe3 46. Bf1
Rh8 47. Bxd3 Rxd3 {#R} 0-1

[Event "ICU MVCC Ch (Champ)"]
[Site "Twin Falls, ID"]
[Date "2009.03.08"]
[Round "4.3"]
[White "Buckendorf Jr., Glen"]
[Black "Hinton, Steve"]
[Result "1-0"]
[WhiteElo "1800"]
[BlackElo "1591"]

1. e4 e5 2. Nf3 d6 3. Nc3 Nf6 4. d4 exd4 5. Nxd4 a6 6. Bd3 Be7 7. Bg5 Bd7 8.
Qd2 Nc6 9. Nxc6 Bxc6 10. O-O-O h6 11. Be3 Ng4 12. Bd4 Bf6 13. Bxf6 Nxf6 14. f3
Qd7 15. Nd5 Qd8 16. Rhe1 O-O 17. Nxf6+ Qxf6 18. Rf1 Bb5 19. Rf2 Qe6 20. Kb1
Rfd8 21. Re1 c5 22. g4 c4 23. Bf1 Rdc8 24. c3 Rd8 25. Rd1 Ba4 26. Re1 d5 27.
Qe3 dxe4 28. fxe4 Rd6 29. e5 Rd1+ 30. Rxd1 Bxd1 31. h3 Rd8 32. Rd2 Rxd2 33.
Qxd2 Ba4 34. Qd4 b5 35. Bg2 Qe7 36. Bc6 Qh4 37. Qe3 Qe7 38. Bg2 Qd7 39. Bf3
Qe7 40. Qd4 Kf8 41. Qd5 f6 42. e6 g5 43. Be4 Bd1 44. Qxd1 Qxe6 45. Bf5 Qe8 46.
a3 a5 47. Qd5 b4 48. axb4 axb4 49. Qxc4 bxc3 50. Qc8 Qxc8 51. Bxc8 cxb2 52.
Kxb2 Kf7 53. Bf5 Ke7 54. Kc3 Kd6 55. Kd4 Kc6 56. Kc4 Kd6 57. Kb5 Ke5 58. Kc6
h5 59. Kd7 Kf4 60. Ke6 hxg4 {#r} 1-0

[Event "Idaho Open (Open)"]
[Site "Pocatello, ID"]
[Date "2009.04.04"]
[Round "1.2"]
[White "Abderhalden, Katherine Louise"]
[Black "Morrow, Hans M"]
[Result "1/2-1/2"]
[WhiteElo "1534"]
[BlackElo "1909"]

1. d4 d5 2. Bf4 e6 3. e3 Nf6 4. c4 Bb4+ 5. Nc3 O-O 6. Nf3 Ne4 7. Qc2 Nd7 8.
Bd3 f5 9. O-O Bxc3 10. bxc3 b6 11. Ne5 Bb7 12. f3 Nd6 13. cxd5 Bxd5 14. c4 Bb7
15. e4 fxe4 16. fxe4 Nxe5 17. Bxe5 Qg5 18. Qe2 Rad8 19. Bg3 c5 20. Rxf8+ Kxf8
21. Rf1+ Kg8 22. Qf2 Qe7 23. dxc5 Nf7 24. cxb6 axb6 25. Bc2 Qc5 26. Qxc5 bxc5
27. Bf2 Rd2 28. Rc1 Ba6 29. a4 Ne5 30. Bxc5 Bxc4 31. Bb4 Rd7 32. a5 Nc6 33.
Ba4 Rb7 34. Rxc4 Nxb4 35. Kf1 Nd3 36. Rc6 Rb1+ {(Katie indicated she was low
on time on her score sheet.)} 37. Ke2 {#d} 1/2-1/2

[Event "Idaho Open (Open)"]
[Site "Pocatello, ID"]
[Date "2009.04.04"]
[Round "2.4"]
[White "Morrow, Hans M"]
[Black "Patterson, Emily N"]
[Result "1-0"]
[WhiteElo "1909"]
[BlackElo "1445"]

1. d4 e6 2. c4 Nf6 3. Nc3 d5 4. cxd5 exd5 5. Nf3 Bf5 6. e3 Bd6 7. h3 O-O 8.
Qb3 b6 9. Be2 Re8 10. Bd2 c6 11. g4 Be4 12. g5 Nh5 13. h4 Qd7 14. Nxe4 dxe4
15. Ne5 Bxe5 16. Bxh5 Bd6 17. O-O-O g6 18. Be2 c5 19. Bb5 Nc6 20. d5 Rec8 21.
dxc6 Qf5 22. Bc3 Be5 23. Bxe5 Qxe5 24. Rd5 Qe6 25. Rhd1 a6 26. Bc4 Qxc6 27.
Rd7 Rf8 28. R1d6 Qc8 29. Bxf7+ Rxf7 30. Qxf7+ Kh8 31. Qg7# 1-0

[Event "Idaho Open (Open)"]
[Site "Pocatello, ID"]
[Date "2009.04.05"]
[Round "5.3"]
[White "Ungureanu, Razvan"]
[Black "Morrow, Hans M"]
[Result "0-1"]
[WhiteElo "1330"]
[BlackElo "1909"]

1. e4 c5 2. Nc3 Nc6 3. f4 d6 4. Nf3 g6 5. Bb5 Bg7 6. O-O Bd7 7. d3 a6 8. Bc4
e6 9. f5 b5 10. fxe6 fxe6 11. Bb3 h6 12. a3 Nge7 13. Bf4 Qc7 14. Kh1 g5 15.
Bg3 O-O-O 16. a4 b4 17. Ne2 Bxb2 18. Ra2 Bg7 19. Nd2 Rdf8 20. Nc4 e5 21. a5
Bg4 22. Ra1 h5 23. h3 Rxf1+ 24. Qxf1 Rf8 25. Qe1 Bd7 26. Qd2 Bh6 27. h4 Ng6
28. hxg5 Bg7 29. c3 h4 30. Bh2 Bg4 31. Nb6+ Kb8 32. Nd5 Qd8 33. Bg1 Bxe2 34.
Qxe2 h3 35. g3 bxc3 36. Rb1 Ka7 37. Nxc3 Qxg5 38. Kh2 Nf4 39. gxf4 exf4 40.
Bd5 Nxa5 41. Na4 Qg3+ 42. Kh1 f3 43. Qh2 Qg2+ 44. Qxg2 hxg2+ 45. Kh2 Be5+ 46.
Kh3 f2 47. Kxg2 fxg1=Q+ 48. Kxg1 Bd4+ 49. Kh1 Rd8 50. Kg2 Rd7 51. Nb6 Rc7 52.
Kf3 Nc6 53. Nc4 Be5 54. Nxe5 Nxe5+ 55. Ke2 Nc6 56. Bxc6 Rxc6 57. Kd2 a5 58.
Kc3 Rb6 {#R} 0-1

[Event "WRW Swiss"]
[Site "Hailey, ID"]
[Date "2009.10.10"]
[Round "1.1"]
[White "Parsons, Larry R"]
[Black "Finch, Douglas W"]
[Result "1/2-1/2"]
[WhiteElo "2005"]
[BlackElo "1223"]

1. c4 Nf6 2. g3 e6 3. Bg2 Nc6 4. Nf3 Bc5 5. O-O d5 6. d4 Be7 7. Ne5 O-O 8.
Nxc6 bxc6 9. Nd2 c5 10. Nb3 cxd4 11. Qxd4 c6 12. Rd1 Nd7 13. cxd5 cxd5 14. Be3
Nb6 15. Na5 Ba6 16. Nc6 Qd7 17. Nxe7+ Qxe7 18. Rd2 Rfc8 19. b3 e5 20. Qg4 Rd8
21. Bxb6 axb6 22. Bxd5 Rac8 23. e4 Rc3 24. Qd1 Rdc8 25. a3 Qf6 26. Kg2 g6 27.
b4 Bc4 28. Bxc4 R8xc4 29. Rd3 Rc2 30. Qf3 Qc6 31. Re1 Kg7 32. h4 Rd4 33. g4
Rcc4 34. Rde3 Rd6 35. g5 f6 36. gxf6+ Rxf6 37. Qg3 Rf4 38. h5 Qe6 39. f3 Qf6
40. Rd1 Rc2+ 41. Kg1 Qe6 42. Red3 Rc6 43. Qg5 h6 44. Rd7+ Rf7 45. Rxf7+ Qxf7
46. Qxe5+ Kh7 47. f4 Rf6 48. Qd5 Qg7 49. Qe5 gxh5+ 50. Kf2 Qf7 51. f5 h4 52.
Rd5 Rc6 53. Qd4 Rc7 54. f6 {(The scoresheet seems to indicate that a draw was
agreed 3 moves later, but it is impossible to tell what the last 3 moves are
based on Finch's score sheet. Parsons' score sheet stopped after
46.Qxe5+.--Roland)} {#d} 1/2-1/2

[Event "SIO"]
[Site "Twin Falls, ID"]
[Date "2009.11.14"]
[Round "1.2"]
[White "Buckendorf Jr., Glen"]
[Black "Patterson, Kevin R"]
[Result "1/2-1/2"]
[WhiteElo "1800"]
[BlackElo "1209"]

1. e4 c6 2. d4 d5 3. e5 Bf5 4. Nf3 h6 5. Bd3 Bxd3 6. Qxd3 e6 7. O-O Ne7 8. Nc3
Nf5 9. Ne2 Bb4 10. a3 Ba5 11. Bd2 Bxd2 12. Nxd2 Nd7 13. b4 Rc8 14. Ng3 Nxg3
15. hxg3 Nf8 16. Nf3 Ng6 17. Nh2 O-O 18. f4 Qd7 19. f5 exf5 20. Rxf5 Qe8 21.
Raf1 Rc7 22. Ng4 Qe6 23. Qf3 Nh8 24. Qf4 Qg6 25. e6 Re7 26. Ne5 Qxe6 27. Qg4
g6 28. Rf6 Qxg4 29. Nxg4 h5 30. Ne5 Kg7 31. R6f4 f6 32. Nd3 Re4 33. Nc5 Rxf4
34. gxf4 Rf7 35. Re1 f5 36. Re5 g5 {#d} 1/2-1/2

[Event "SIO"]
[Site "Twin Falls, ID"]
[Date "2009.11.14"]
[Round "1.3"]
[White "Lang, Jamie"]
[Black "Baggett, Jeff M"]
[Result "0-1"]
[WhiteElo "1221"]
[BlackElo "1800"]

1. e4 c5 2. Nc3 Nc6 3. Bb5 e6 4. Nge2 Qc7 5. d3 Nf6 6. Bf4 d6 7. Qd2 Bd7 8.
O-O-O a6 9. Ba4 b5 10. Bb3 Qb6 11. f3 Na5 12. Be3 Nxb3+ 13. cxb3 Be7 14. Kb1
a5 15. Rc1 Bc6 16. d4 Qa6 17. d5 exd5 18. exd5 Bd7 19. Ka1 c4 20. bxc4 bxc4
21. Ne4 a4 22. Rc3 Rb8 23. Rhc1 O-O 24. Rxc4 a3 25. b3 Bb5 26. R4c2 Rfc8 27.
N2g3 Rxc2 28. Rxc2 Nd7 29. Bd4 Rc8 30. Bc3 Ne5 31. Nf5 Bd8 32. Nfxd6 Rxc3 33.
Qxc3 Nd3 34. Nxb5 Qxb5 35. d6 h6 36. Qc8 Qb6 37. Nc5 Qxd6 38. Nxd3 Qxd3 39.
Rc1 Qd2 40. Qc2 Bf6+ 41. Kb1 Qd4 42. Qc8+ Kh7 43. Qc2+ g6 44. Qc3 Qd6 45. Qc7
Qe6 46. Qc4 Qf5+ 47. Qe4 Qd7 48. Qc6 Qd4 49. Qc3 Qf4 50. Qc5 Qxh2 51. Qxa3
Qxg2 52. Qc5 Qb2# 0-1

[Event "SIO"]
[Site "Twin Falls, ID"]
[Date "2009.11.14"]
[Round "2.8"]
[White "Buckendorf Jr., Glen"]
[Black "Ness, Kevin D"]
[Result "0-1"]
[WhiteElo "1800"]
[BlackElo "955"]

1. e4 e5 2. Nf3 d6 3. Bc4 Nc6 4. O-O Nf6 5. Re1 Bg4 6. h3 Bxf3 7. Qxf3 Nd4 8.
Qd1 b5 9. c3 bxc4 10. cxd4 Qd7 11. Na3 Be7 12. dxe5 dxe5 13. Nxc4 Qd4 14. d3
O-O 15. Be3 Qd8 16. Nxe5 Qe8 17. Rc1 Bb4 18. Bd2 Bxd2 19. Qxd2 Qxe5 20. Rxc7
Qxc7 21. Rc1 Qd6 22. Qc3 Nd7 23. Qd2 Rac8 24. Re1 Rc7 25. f4 Qd4+ 26. Kh1 Rfc8
27. Re2 h5 28. Kh2 h4 29. Re3 Rc2 30. Qe1 Qxb2 31. Qf1 Rc1 32. Qf3 Qb1 33. g4
R8c2+ {#R} 0-1

[Event "SIO"]
[Site "Twin Falls, ID"]
[Date "2009.11.15"]
[Round "3.4"]
[White "Ness, Kevin D"]
[Black "Baggett, Jeff M"]
[Result "0-1"]
[WhiteElo "955"]
[BlackElo "1800"]

1. e4 c5 2. Nf3 e6 3. d4 cxd4 4. Nxd4 a6 5. Nc3 Qc7 6. Bd3 Nf6 7. Be3 Nc6 8.
a3 Bd6 9. g3 O-O 10. Nxc6 Qxc6 11. Bg5 Ne8 12. O-O b5 13. Ne2 Bb7 14. Nd4 Qb6
15. Be3 Bc5 16. c3 Nc7 17. b4 Bxd4 18. Bxd4 Qc6 19. f3 Rad8 20. Qe2 Rfe8 21.
Rac1 e5 22. Be3 d5 23. Rc2 Qd7 24. Rd1 Ne6 25. exd5 Nc7 26. Bb6 Nxd5 27. Bxd8
Qxd8 28. Be4 Qb6+ 29. Qf2 Qe6 30. Rcd2 Nxc3 31. Bxb7 Nxd1 32. Rxd1 Qb3 33. Qd2
Qxa3 34. Bc6 Rf8 35. Rc1 g6 36. Kg2 h5 37. Rc2 Qb3 38. Ra2 Qe6 39. Rxa6 h4 40.
Bxb5 h3+ 41. Kf2 Qb3 42. Rc6 Qb1 43. Bc4 Kg7 44. Bf1 Ra8 45. Qe1 Ra2+ 46. Be2
Qd3 47. Rc3 Qd4+ 48. Re3 Ra3 49. Qc1 Rb3 50. b5 e4 51. fxe4 Kh7 52. Bc4 Qf6+
53. Ke2 Rb2+ 54. Kd1 Rxh2 55. Re1 Qd4+ {#R} 0-1

[Event "Idaho Closed"]
[Site "Boise, ID"]
[Date "2010.02.13"]
[Round "1.1"]
[White "Parsons, Larry R"]
[Black "Patterson, Emily N"]
[Result "1-0"]
[WhiteElo "2000"]
[BlackElo "1463"]

1. c4 e5 2. g3 Nf6 3. Bg2 g6 4. Nc3 Bg7 5. Nf3 Nc6 6. O-O O-O 7. d4 d6 8. e4
Nh5 9. Be3 f5 10. dxe5 fxe4 11. Nxe4 Nxe5 12. Nxe5 Bxe5 13. Bg5 Nf6 14. f4
Bxb2 15. Rb1 Ba3 16. Rb3 Qe7 17. Rxa3 d5 18. Nxf6+ Rxf6 19. Bxd5+ Be6 20.
Bxe6+ Qxe6 21. Bxf6 Qxf6 22. Qd5+ Kf8 23. Rd3 Re8 24. f5 {#r} 1-0

[Event "Idaho Closed"]
[Site "Boise, ID"]
[Date "2010.02.13"]
[Round "1.4"]
[White "Lang, Jamie"]
[Black "Weyland, Phil"]
[Result "0-1"]
[WhiteElo "1219"]
[BlackElo "1824"]

1. e4 e6 2. d4 d5 3. exd5 exd5 4. Nf3 Bd6 5. Nc3 Ne7 6. Bb5+ c6 7. Be2 O-O 8.
O-O Qc7 9. Bg5 f6 10. Bh4 Nf5 11. Bg3 Nxg3 12. fxg3 Bg4 13. Nh4 Bxe2 14. Nxe2
Re8 15. Nf5 Nd7 16. Nxd6 Qxd6 17. c3 Nb6 18. b3 Re3 19. Rf3 Qe7 20. Rxe3 Qxe3+
21. Kf1 Re8 22. Qc2 Nc8 23. Re1 Nd6 24. c4 Ne4 25. Nc3 Nxg3+ {#R} 0-1

[Event "Idaho Closed"]
[Site "Boise, ID"]
[Date "2010.02.13"]
[Round "1.5"]
[White "Oberle Jr., Stephen"]
[Black "Uriarte, Andrew"]
[Result "1-0"]
[WhiteElo "1803"]
[BlackElo "1196"]

1. e4 e6 2. d3 c5 3. Nd2 Nc6 4. Ngf3 d5 5. g3 d4 6. Bg2 e5 7. O-O Nf6 8. h3 g6
9. Qe2 Nh5 10. Re1 Bg7 11. Nf1 O-O 12. Kh2 b6 13. Bg5 f6 14. Bd2 f5 15. exf5
gxf5 16. Nxe5 Nxe5 17. Bxa8 Nxg3 18. fxg3 Ng4+ 19. hxg4 f4 20. Bf3 fxg3+ 21.
Nxg3 Qh4+ 22. Kg2 Rxf3 23. Qxf3 Bxg4 24. Re8+ Bf8 25. Qxf8# 1-0

[Event "Idaho Closed"]
[Site "Boise, ID"]
[Date "2010.02.13"]
[Round "1.7"]
[White "Buckendorf Jr., Glen"]
[Black "Patterson, Kevin R"]
[Result "1/2-1/2"]
[WhiteElo "1800"]
[BlackElo "1184"]

1. e4 c6 2. d4 d5 3. e5 Bf5 4. Nc3 e6 5. Nf3 h6 6. Bd3 Bxd3 7. Qxd3 Ne7 8. O-O
Nf5 9. a3 Be7 10. b4 Nd7 11. Nd1 O-O 12. Ne3 Nxe3 13. Bxe3 Re8 14. h3 Nf8 15.
Nh2 Nh7 16. f4 Qd7 17. Rf3 Kh8 18. Raf1 f5 19. exf6 Nxf6 20. f5 exf5 21. Rxf5
Ne4 22. Bc1 Rf8 23. Rf7 Rxf7 24. Rxf7 Rf8 25. Qf3 Rxf7 26. Qxf7 Qd6 27. Ng4
Bf6 28. Be3 Qe7 29. Qg6 Bg5 30. Bxg5 Qxg5 31. Qxg5 Nxg5 {#d} 1/2-1/2

[Event "Idaho Closed"]
[Site "Boise, ID"]
[Date "2010.02.13"]
[Round "2.4"]
[White "Weyland, Phil"]
[Black "Stewart, David Wayne"]
[Result "1-0"]
[WhiteElo "1824"]
[BlackElo "1516"]

1. d4 Nf6 2. Nf3 g6 3. Nbd2 Bg7 4. e4 O-O $2 5. e5 Ne8 6. Bc4 d6 7. O-O $2 Nc6
8. Re1 dxe5 9. dxe5 Bg4 10. e6 Nd6 11. exf7+ Kh8 12. Be6 Bxe6 13. Rxe6 Qd7 14.
Re2 Nxf7 15. Qe1 e5 16. Ne4 Nd4 17. Nxd4 exd4 18. Nc5 Qc6 19. Ne6 Rfe8 20.
Nxg7 Rxe2 21. Qxe2 Kxg7 22. Bf4 Re8 23. Qd3 Qe4 24. Qxe4 Rxe4 25. Bxc7 Re2 26.
Rc1 d3 27. Ba5 Rxc2 28. Bc3+ Kh6 29. Rxc2 dxc2 30. Bd2+ g5 31. Kf1 Kg6 32. Ke2
Ne5 33. h3 h5 34. Bc1 Kf5 35. Kd2 g4 36. hxg4+ hxg4 37. Kxc2 Ke4 38. Be3 a6
39. Bb6 Nc4 40. Bc7 b5 41. b3 Ne5 42. Bxe5 Kxe5 43. Kd3 Kd5 44. b4 Ke5 45. Ke3
Kf5 46. g3 Ke5 47. f4+ gxf3 {#r} 1-0

[Event "Idaho Closed"]
[Site "Boise, ID"]
[Date "2010.02.13"]
[Round "2.5"]
[White "Abderhalden, Richard Robert"]
[Black "Oberle Jr., Stephen"]
[Result "0-1"]
[WhiteElo "1516"]
[BlackElo "1803"]

1. e4 e5 2. Nf3 Nc6 3. c3 d5 4. exd5 Qxd5 5. d4 Bg4 6. Be2 O-O-O 7. Be3 e4 8.
Nfd2 Bxe2 9. Qxe2 f5 10. f3 Nf6 11. O-O Qe6 12. Nb3 Bd6 13. N1d2 f4 14. Bf2 e3
15. Bh4 Rde8 16. Rfe1 Rhg8 17. Bxf6 gxf6 18. Ne4 f5 19. Nxd6+ Qxd6 20. Rac1
Rg5 21. Rc2 Reg8 22. Qf1 h5 23. Nc5 Nd8 24. Ree2 h4 25. h3 R5g6 26. Qe1 Qc6
27. Nd3 Rg3 28. Kh2 Nf7 29. Qd1 Rxf3 30. gxf3 Qxf3 31. Ne5 Nxe5 32. dxe5 Rg2+
{#R} 0-1

[Event "Idaho Closed"]
[Site "Boise, ID"]
[Date "2010.02.14"]
[Round "3.1"]
[White "Parsons, Larry R"]
[Black "McGarvey, James H"]
[Result "1-0"]
[WhiteElo "2000"]
[BlackElo "1681"]

1. c4 Nf6 2. g3 e6 3. Bg2 d5 4. Nf3 c5 5. O-O Be7 6. b3 Nc6 7. Bb2 O-O 8. d4
b6 9. e3 Bb7 10. Ne5 Rc8 11. Nc3 cxd4 12. exd4 dxc4 13. bxc4 Na5 14. Bxb7 Nxb7
15. Qe2 Nd6 16. d5 exd5 17. cxd5 Nf5 18. Nc6 Rxc6 19. dxc6 Nd4 20. Qd3 Nxc6
21. Qxd8 Rxd8 22. Rfe1 Kf8 23. Rad1 Nd4 24. Kg2 Bb4 25. Re5 Bxc3 26. Bxc3 Ne6
27. Rxd8+ Nxd8 28. Bb4+ Kg8 29. Re7 Nc6 30. Rc7 {#r} 1-0

[Event "Idaho Closed"]
[Site "Boise, ID"]
[Date "2010.02.14"]
[Round "3.2"]
[White "Douglas, Kurt P"]
[Black "Weyland, Phil"]
[Result "0-1"]
[WhiteElo "1738"]
[BlackElo "1824"]

1. e4 e6 2. d4 d5 3. Nc3 Nf6 4. e5 Nfd7 5. f4 c5 6. Nf3 Nc6 7. Be3 a6 8. Be2
b5 9. O-O Qb6 10. dxc5 Bxc5 11. Bxc5 Nxc5 12. Kh1 b4 13. Nb1 Ne4 14. Qe1 a5
15. Nbd2 Nc5 16. b3 Ba6 17. Rc1 O-O 18. c4 bxc3 19. Rxc3 d4 20. Rc1 d3 21. Bd1
Nb4 22. Qf2 Rac8 23. Nc4 Qb8 24. Nfd2 Nxa2 25. Ra1 Bxc4 26. Nxc4 Nc3 27. Nxa5
Rfd8 28. Qe3 Qb4 29. Nc4 Nxd1 30. Rfxd1 Nxb3 31. Nd6 Nxa1 32. Nxc8 Rxc8 33.
Qxd3 Nb3 34. Qd8+ {#R} 0-1

[Event "Idaho Closed"]
[Site "Boise, ID"]
[Date "2010.02.14"]
[Round "4.1"]
[White "Weyland, Phil"]
[Black "Parsons, Larry R"]
[Result "0-1"]
[WhiteElo "1824"]
[BlackElo "2000"]

1. d4 Nf6 2. Nf3 e6 3. e3 b6 4. Bd3 Bb7 5. Nbd2 d5 6. O-O Nbd7 7. Re1 Ne4 8.
c3 Bd6 9. Qc2 f5 10. Ne5 Bxe5 11. dxe5 Nxe5 12. f3 Nxd3 13. Qxd3 Nxd2 14. Qxd2
O-O 15. b3 Qe7 16. a4 Rfd8 17. Ba3 c5 18. b4 Rac8 19. bxc5 bxc5 20. Rab1 Bc6
21. Qc2 Qd7 22. a5 d4 23. exd4 cxd4 24. c4 d3 {#R} 0-1

[Event "Idaho Closed"]
[Site "Boise, ID"]
[Date "2010.02.14"]
[Round "4.3"]
[White "Oberle Jr., Stephen"]
[Black "Abderhalden, Katherine Louise"]
[Result "1/2-1/2"]
[WhiteElo "1803"]
[BlackElo "1562"]

1. e4 c5 2. Nc3 Nc6 3. Bb5 e6 4. Bxc6 bxc6 5. d3 Nf6 6. f4 Be7 7. Nf3 O-O $2
8. O-O $2 d5 9. e5 Nd7 10. Kh1 f6 11. d4 Ba6 12. Re1 fxe5 13. fxe5 Rb8 14. Rb1
Qe8 15. Ne2 Qg6 16. Be3 cxd4 17. Nexd4 Rbc8 18. c3 c5 19. Nc2 Bd3 20. Rc1 Be4
21. Rg1 Rf5 22. Nce1 Nxe5 23. Nd2 Bd3 24. Ndf3 Be4 25. Nd2 Ng4 26. Qe2 Nxh2
27. Nxe4 dxe4 28. g4 Nxg4 29. Rxg4 Rh5+ 30. Kg1 Bg5 31. Bxg5 Rxg5 32. Rg2 Rf8
33. Rc2 Rf4 34. Qe3 Rfg4 35. Rxg4 Rxg4+ 36. Rg2 h5 37. Qe2 Rg5 38. Qd2 Rg4 39.
Qe2 Rg5 40. Qd2 Rg4 {#d} 1/2-1/2